[Event "AUTO-OPEN-1532"]
[Site "http://www.queenalice.com/game.php?id=579907"]
[Date "2009.4.29"]
[Round "1"]
[White "meloserhaha"]
[Black "fugazeton2"]
[Result "1-0"]
[WhiteElo "1453"]
[BlackElo "1340"]

1. e4 c6 2. d4 g6 3. c3 Bg7 4. g3 Nf6 5. Bg2 O-O 6. f4 Na6 7. h3 b6 8. Be3 Bb7
9. Nd2 d5 10. e5 Ne8 11. Ngf3 e6 12. O-O c5 13. g4 c4 14. Qe1 f6 15. Qg3 fxe5
16. fxe5 Qe7 17. Ng5 Nec7 18. Ngf3 b5 19. Bg5 Qd7 20. Qh4 Ne8 21. Bh6 Bxh6 22.
Qxh6 Qg7 23. Qh4 h6 24. Qg3 Nec7 25. h4 Rae8 26. a3 Re7 27. Rf2 Ref7 28. Raf1
Rf4 29. Nh2 1-0

[Event "AUTO-OPEN-1532"]
[Site "http://www.queenalice.com/game.php?id=579908"]
[Date "2009.4.29"]
[Round "1"]
[White "fugazeton2"]
[Black "meloserhaha"]
[Result "0-1"]
[WhiteElo "1432"]
[BlackElo "1377"]

1. d4 d5 2. c4 e6 3. Nf3 Nf6 4. e3 c6 5. c5 Nbd7 6. Be2 b6 7. cxb6 axb6 8. O-O
Bd6 9. b3 O-O 10. Bb2 Qc7 11. Nc3 Bb7 12. g3 e5 13. dxe5 Nxe5 14. Nxe5 Bxe5 15.
Qd2 Rfd8 16. f4 Bd6 17. Bf3 c5 18. Rad1 h6 19. Nb5 Qe7 20. a4 Bc6 21. Nc3 Rac8
22. Nxd5 Nxd5 23. e4 Nb4 24. Qc3 f6 25. e5 fxe5 26. fxe5 Bb8 27. Rxd8+ Rxd8 28.
Bxc6 Nxc6 29. e6 Nd4 30. Kg2 Qxe6 0-1

[Event "AUTO-OPEN-1532"]
[Site "http://www.queenalice.com/game.php?id=579909"]
[Date "2009.4.29"]
[Round "1"]
[White "meloserhaha"]
[Black "Plotnnikov"]
[Result "0-1"]
[WhiteElo "1494"]
[BlackElo "2379"]

1. d4 Nf6 2. c4 e6 3. Nf3 b6 4. g3 Ba6 5. b3 Bb4+ 6. Bd2 Be7 7. Bg2 c6 8. Bc3 d5
9. Ne5 Nfd7 10. Nxd7 Nxd7 11. Nd2 O-O 12. O-O Rc8 13. e4 b5 14. Re1 dxe4 15.
Bxe4 Nb6 16. Qh5 g6 17. Qh6 b4 18. Bb2 Bg5 0-1

[Event "AUTO-OPEN-1532"]
[Site "http://www.queenalice.com/game.php?id=579910"]
[Date "2009.4.29"]
[Round "1"]
[White "Plotnnikov"]
[Black "meloserhaha"]
[Result "1-0"]
[WhiteElo "2379"]
[BlackElo "1377"]

1. d4 Nf6 2. c4 e6 3. Nf3 b6 4. g3 Ba6 5. b3 Bb4+ 6. Bd2 Be7 7. Bg2 c6 8. Bc3 d5
9. Ne5 Nfd7 10. Nxd7 Nxd7 11. Nd2 O-O 12. O-O Rc8 13. e4 b5 14. Re1 1-0

[Event "AUTO-OPEN-1532"]
[Site "http://www.queenalice.com/game.php?id=579912"]
[Date "2009.4.29"]
[Round "1"]
[White "ammoreira"]
[Black "meloserhaha"]
[Result "1-0"]
[WhiteElo "2103"]
[BlackElo "1377"]

1. d4 d5 2. Nf3 c6 3. g3 Nf6 4. Bg2 g6 5. O-O Bg7 6. Nbd2 Nbd7 7. b3 b6 8. Bb2
O-O 9. c4 Bb7 10. Re1 e6 11. Qc2 Rc8 12. e4 1-0

[Event "SUBTIL IV"]
[Site "http://www.queenalice.com/game.php?id=580217"]
[Date "2009.4.30"]
[Round "-"]
[White "perucona"]
[Black "meloserhaha"]
[Result "0-1"]
[WhiteElo "1675"]
[BlackElo "1605"]

1. e4 c5 2. d4 cxd4 3. Qxd4 Nc6 4. Qd5 e6 5. Qd2 Nf6 6. Qe2 Bc5 7. e5 Nd5 8. c4
Nd4 9. Qd2 Nb4 10. a3 Nbc2+ 11. Kd1 Nxa1 12. Nf3 Nab3 13. Qe1 Nxf3 14. gxf3 Nxc1
15. Kxc1 Qb6 16. b4 Bxf2 17. Qe2 Qe3+ 18. Qxe3 Bxe3+ 19. Kd1 Bd4 20. h4 Bxe5 21.
Bd3 O-O 22. a4 d5 23. c5 Bd7 24. Re1 Bxa4+ 25. Bc2 Bxc2+ 26. Kxc2 Bg3 27. Rg1
Bxh4 28. Nd2 Rac8 29. Rg4 Bf6 30. Nf1 b6 31. Kd3 bxc5 32. bxc5 Rxc5 33. Nd2 Rc3+
34. Ke2 Rfc8 35. f4 a5 36. Rg1 a4 37. Nb1 Rb3 38. Rd1 Rc2+ 39. Nd2 Bc3 40. Kd3
Rxd2+ 41. Rxd2 Bxd2+ 42. Kxd2 a3 43. Kc2 Rb2+ 44. Kc3 d4+ 45. Kd3 a2 46. Kxd4
a1=Q 47. Ke5 Rb4+ 48. Kd6 Qd4+ 49. Ke7 Rb7+ 50. Ke8 Qd7# 0-1

[Event "SENADOR MARCONI PERILLO V"]
[Site "http://www.queenalice.com/game.php?id=595033"]
[Date "2009.5.28"]
[Round "-"]
[White "perucona"]
[Black "meloserhaha"]
[Result "0-1"]
[WhiteElo "1694"]
[BlackElo "1494"]

1. e4 c5 2. d4 cxd4 3. Qxd4 Nc6 4. Qd5 e6 5. Qd3 Nf6 6. Qe2 Bc5 7. e5 Nd5 8. Nf3
O-O 9. c4 Nde7 10. Nh4 Nd4 11. Qd2 Nec6 12. Bd3 Qxh4 13. Qe3 Nc2+ 14. Bxc2 Bxe3
15. Bxe3 Nxe5 16. g3 Qxc4 17. Na3 Qb4+ 18. Bd2 Nf3+ 19. Kf1 Nxd2+ 20. Ke2 Ne4
21. Bxe4 Qxe4+ 22. Kd2 b6 23. Rhe1 Qd4+ 24. Ke2 Ba6+ 25. Kf3 Rac8 26. Re4 Bb7
27. Re1 f5 28. Kf4 e5+ 29. Kg5 h6+ 30. Kh5 Bxe4 31. Rg1 Bf3+ 32. g4 Bxg4+ 33.
Kh4 Qxf2+ 34. Rg3 g5# 0-1

[Event "Challenge"]
[Site "http://www.queenalice.com/game.php?id=596046"]
[Date "2009.5.30"]
[Round "-"]
[White "hollis1us"]
[Black "meloserhaha"]
[Result "0-1"]
[WhiteElo "1607"]
[BlackElo "1560"]

1. e4 c5 2. Nf3 e6 3. d4 cxd4 4. Nxd4 Bc5 5. Be3 Qb6 6. b3 Nc6 7. c3 Nf6 8. Qd3
Ne5 9. Qb5 Nxe4 10. Qxb6 Bxb6 11. Nb5 Bd8 12. h3 O-O 13. Nd2 Nxd2 14. Bxd2 a6
15. Nd6 Be7 16. Ne4 d5 17. Ng3 Bd7 18. Be2 Rac8 19. O-O b5 20. a4 Bf6 21. axb5
Bxb5 22. Bxb5 axb5 23. Nh5 Be7 24. Nf4 h6 25. Rfe1 Bf6 26. Re3 Ng6 27. Nxg6 fxg6
28. Rxe6 Bxc3 29. Bxc3 Rxc3 30. Rb1 Rfc8 31. Rxg6 Rc1+ 32. Rxc1 Rxc1+ 33. Kh2
Rc3 34. Rg3 d4 35. Kg1 d3 0-1

[Event "AUTO-INT-1445"]
[Site "http://www.queenalice.com/game.php?id=651203"]
[Date "2009.9.12"]
[Round "1"]
[White "reniflex"]
[Black "meloserhaha"]
[Result "0-1"]
[WhiteElo "1331"]
[BlackElo "1707"]

1. e4 c5 2. b3 e6 3. Qh5 Nf6 4. Qg5 Nxe4 5. Qxd8+ Kxd8 6. d3 Nf6 7. Bg5 Be7 8.
Nf3 Nc6 9. g4 Nxg4 10. Bh3 Nge5 11. Nxe5 Nxe5 12. Nc3 Bxg5 13. Rg1 Nf3+ 14. Ke2
Nxg1+ 15. Kd1 Bf6 16. Bg4 Bxc3 17. Rb1 f5 18. Bh5 g6 19. Be2 Nxe2 20. Kxe2 d5
21. a4 Bd7 22. f3 e5 23. h4 e4 24. fxe4 dxe4 25. dxe4 fxe4 26. a5 Bxa5 27. c4
Bf5 28. Ke3 Bc3 29. Rc1 Bd4+ 30. Kf4 e3 31. Re1 Re8 32. Kg5 e2 33. Rxe2 Rxe2 34.
h5 Rg2+ 35. Kh6 gxh5 36. Kxh5 Be3 0-1

[Event "AUTO-INT-1445"]
[Site "http://www.queenalice.com/game.php?id=651204"]
[Date "2009.9.12"]
[Round "1"]
[White "meloserhaha"]
[Black "reniflex"]
[Result "1-0"]
[WhiteElo "1679"]
[BlackElo "1337"]

1. e4 e5 2. Nf3 Nc6 3. Bc4 Nf6 4. Ng5 d6 5. Nxf7 Qe7 6. Nxh8 Nxe4 7. d3 Ng5 8.
Qh5+ Nf7 9. Qxf7+ Qxf7 10. Nxf7 d5 11. Bxd5 Bb4+ 12. c3 Be7 13. Nxe5 Nxe5 14. d4
c6 15. dxe5 c5 16. Bf4 a5 17. Nd2 Ra6 18. O-O h5 19. Rfe1 Rg6 20. Nb3 b6 21.
Rad1 a4 22. Nc1 Bg4 23. f3 Bf5 24. Be4 Bxe4 25. Rxe4 c4 26. Rxc4 Bc5+ 27. Rxc5
bxc5 28. Nd3 c4 29. Nc5 Rc6 30. Nxa4 h4 31. Bg5 Ra6 32. Nc5 Rxa2 33. e6 Ra5 34.
Rd8# 1-0

[Event "AUTO-INT-1445"]
[Site "http://www.queenalice.com/game.php?id=651215"]
[Date "2009.9.12"]
[Round "1"]
[White "juim"]
[Black "meloserhaha"]
[Result "1-0"]
[WhiteElo "1692"]
[BlackElo "1681"]

1. e4 c5 2. d4 cxd4 3. Qxd4 Nc6 4. Qd1 e6 5. Bd3 Bc5 6. Nf3 Nge7 7. O-O O-O 8.
e5 Qc7 9. Bg5 Ng6 10. Bxg6 fxg6 11. Nc3 Nxe5 12. Bf4 Rxf4 13. g3 Rxf3 14. Nb5
Qb6 15. Qe2 d6 16. Rad1 Bd7 17. c4 Bxb5 18. cxb5 1-0

[Event "AUTO-INT-1445"]
[Site "http://www.queenalice.com/game.php?id=651221"]
[Date "2009.9.12"]
[Round "1"]
[White "thomas01"]
[Black "meloserhaha"]
[Result "0-1"]
[WhiteElo "1667"]
[BlackElo "1683"]

1. e4 c5 2. d4 cxd4 3. Qxd4 Nc6 4. Qd1 e6 5. c4 Bc5 6. Be3 Bxe3 7. fxe3 Qb6 8.
Qb3 Qxb3 9. axb3 Nf6 10. Nc3 O-O 11. Nf3 Nb4 12. O-O-O a6 13. e5 Ng4 14. Re1 Nf2
15. Rg1 Nfd3+ 16. Kd2 Nxe1 17. Nxe1 Nc6 18. Nf3 f6 19. exf6 Rxf6 20. h3 d6 21.
Ne4 Rf8 22. Nxd6 Rd8 23. c5 b6 24. Nd4 bxc5 25. Nxc8 Raxc8 26. Kc1 cxd4 27. Kd1
dxe3+ 28. Ke2 Nd4+ 29. Kxe3 Nxb3 30. Bxa6 Rc2 31. g4 Rxb2 32. Kf4 Rf2+ 33. Kg3
Rff8 34. Bc4 Nd4 35. Rg2 Rc8 0-1

[Event "AUTO-INT-1445"]
[Site "http://www.queenalice.com/game.php?id=651222"]
[Date "2009.9.12"]
[Round "1"]
[White "meloserhaha"]
[Black "thomas01"]
[Result "1-0"]
[WhiteElo "1651"]
[BlackElo "1644"]

1. e4 Nc6 2. Nf3 e5 3. Bc4 f6 4. c3 Na5 5. Bb3 Nxb3 6. Qxb3 d6 7. d4 Be6 8.
Qxe6+ Qe7 9. Qxe7+ Nxe7 10. dxe5 dxe5 11. Be3 Nc6 12. Nbd2 O-O-O 13. O-O Be7 14.
Rad1 g5 15. Nb3 g4 16. Rxd8+ Rxd8 17. Nh4 a5 18. Nf5 Bf8 19. Bc5 b6 20. Bxf8
Rxf8 21. f3 h5 22. fxg4 hxg4 23. c4 Nb4 24. a3 Nc2 25. c5 bxc5 26. Nxc5 Kb8 27.
Nd7+ Kb7 28. Nxf8 Kb6 29. Ne7 Ne3 30. Rxf6+ Kc5 31. Rc6+ Kd4 32. Rxc7 Kxe4 33.
Ne6 Kd3 34. Rc3+ Ke2 35. b4 1-0

[Event "AUTO-INT-1445"]
[Site "http://www.queenalice.com/game.php?id=714449"]
[Date "2010.1.15"]
[Round "2"]
[White "paulogaspar"]
[Black "meloserhaha"]
[Result "1-0"]
[WhiteElo "2004"]
[BlackElo "1708"]

1. e4 c5 2. f4 e6 3. Nf3 Nc6 4. Nc3 a6 5. d3 Nf6 6. e5 Nd5 7. Nxd5 exd5 8. c3 d6
9. d4 dxe5 10. fxe5 Qb6 11. a3 Bg4 12. Be2 Rd8 13. O-O Bxf3 14. Bxf3 cxd4 15.
cxd4 Nxd4 16. Be3 Bc5 17. Kh1 Nxf3 18. Bxc5 Qxc5 19. Qxf3 O-O 20. b4 Qe7 21.
Rad1 Qxe5 22. Rfe1 1-0

[Event "AUTO-INT-1445"]
[Site "http://www.queenalice.com/game.php?id=714450"]
[Date "2010.1.15"]
[Round "2"]
[White "meloserhaha"]
[Black "paulogaspar"]
[Result "0-1"]
[WhiteElo "1703"]
[BlackElo "2008"]

1. e4 e6 2. d4 d5 3. exd5 Qxd5 4. c4 Qe4+ 5. Be3 Bb4+ 6. Nd2 Nf6 7. Nf3 h6 8. a3
Bxd2+ 9. Qxd2 c5 10. Bd3 Qg4 11. O-O cxd4 12. Nxd4 Nbd7 13. Nb5 O-O 14. b4 b6
0-1